Statistiques concernant QA #04 - Cliquez sur la bonne langue - Joyeux Noël

Cliquez ici pour prendre le quiz!

Statistiques générales

  • Ce quiz a été pris 984 fois
  • Le résultat moyen est 10 sur 20

Statistiques - réponses

HintRéponse% Correct
Merry Christmas!Anglais
100%
Joyeux Noël !Français
96%
¡Feliz Navidad!Espagnol
90%
Fröhliche Weihnachten!Allemand
88%
Feliz Natal!Portugais
72%
Vrolijk Kerstfeest!Néerlandais
54%
Bueon Natale!Italien
49%
Hyvää joulua!Finnois
44%
Merii kurisumasu!Japonais
44%
Gleðileg jól!Islandais
42%
Noeliniz kutlu olsun!Turc
36%
Un Crăciun fericit!Roumain
35%
Miilaad majiid!Arabe
33%
Shèngdàn kuài lè!Mandarin
33%
S Rozhdestvom!Russe
31%
Meli keuliseumaseu!Coréen
25%
Kala christougenna!Grec
25%
Mele Kalikimaka!Hawaiien
22%
Krismasi Njema!Swahili
21%
Selamat hari natal!Malaisien
15%

Distribution des résultats

Percentile par nombre de réponses

% des personnes avec chaque résultat

Votre développement - résultats

Vous n’avez pas pris ce quiz